00326nam a2200109Ia 450000500170000000800410001710000270005824500640008526000330014930000110018265000230019320260328104305.0260328s9999||||xx |||||||||||||| ||und|| aHorowitz, Irving Louis 0aFundamentos de Sociologia Politica /cIrving Louis Horowitz bFondo de Cultura Económica a667 p. aCIENCIAS POLITICAS